| 000 | 00917nam a2200217Ia 4500 | ||
|---|---|---|---|
| 003 | GCL | ||
| 008 | 140319s9999 xx 000 0 ara d | ||
| 040 |
_aGCL / _cGCL |
||
| 082 | 0 | 4 |
_a953 _bم م |
| 100 | 1 | _aمحمد رشاد خليل | |
| 245 | 1 | 0 |
_aملامح من دور الاسلام فى بناء العمارة (الحضارة) العربية قبل البعثة المحمدية / _cمحمد رشاد خليل |
| 260 |
_a[S.N] : _bلجنة الاعلام والدراسات المستقبلية ، _c1982 |
||
| 300 | _a698 ص | ||
| 490 |
_aصفحات مجهولة من تاريخ العرب والاسلام _v0 |
||
| 650 | 0 | 4 | _aالعالم العربى |
| 650 | 0 | 4 | _aالحضارة العربية الاسلامية - المعارف البحرية |
| 650 | 0 | 4 | _aالشعر الجاهلى |
| 650 | 0 | 4 | _aالعمارة المصرية القديمة |
| 650 | 0 | 4 | _aتاريخ ونقد |
| 942 |
_2ddc _cBK |
||
| 999 |
_c52733 _d52733 |
||